00749cam a2200229 a 4500001001000000003000600010005001700016008004100033040002900074082001800103100003800121245004100159250001200200260004900212300002100261650002600282650003000308910003300338049000900371952012200380999001700502000018753UkOxU20200929165843.0990908s1969 it 000 f ita d aDO-SdBNPbitacLCdBNPHU a853.91bC345r1 aCassola, Carlo,d1917-198794046813aLa ragazza di Bube /cCarlo Cassola. a17a ed. aTorino, (Italia) :bEinaudi Editores,c1969. a266 p. ;c23 cm. 4aNovela italiana94322 4aLiteratura italiana93329 aCatalogación derivada / LC aBNGR 001054708MOaGRbGRcCTd2010-05-14iLF1l0o853.91 C345rp18753-10r2020-06-25w2020-06-25y4ZPréstamo en sala c18273d18273